00888nab a22002057a 4500003000400000005001700004008004100021040000700062100002300069245010200092260007300194300001300267500003500280505008400315505008100399650001800480650001700498650001300515773015400528OSt20260202120242.0190429b xxu||||| |||| 00| 0 spa d cPJ aCueto, A. Mauricio10aA 10 años de la sanción del delito de grooming. Art. 131 del Cód. Penal / cMauricio Cueto. cCiudad Autónoma de Buenos Aires :aThomson Reuters La Ley, b2023. ap. 50-60 aCita Online: AR/DOC/1814/2023. aSumario: I. Introducción.— II. Requisitos típicos.— III. Generalidades. tSi te interesa el texto completo, solicitalo a koha@justierradelfuego.gov.ar 0aDERECHO PENAL 0aCODIGO PENAL 0aGROOMING0 02658tRevista de derecho penal y criminología. Nº 8 - Septiembre 2023dCiudad Autónoma de Buenos Aires : Thomson Reuters La Ley, 2017-x00347914